Život Chasidů / Martin Buber ; [přeložila a poznámku napsala Alena Bláhová]
Record details
- Physical Description: 42 s. ; 20 cm
- Publisher: Praha : Arbor vitae, 1994
Content descriptions
| General Note: | Přeloženo z němčiny Vychází ve spolupráci s firmou IMP Nové Město nad Metují |
Search for related items by subject
| Subject: | učení chasidismu chasidi duchovní cesta židovská mystika |
| Genre: | pojednání |
Available copies
- 2 of 2 copies available at Common Catalog SPOK.
Holds
- 0 current holds with 2 total copies.
Show Only Available Copies
| Location | Call Number / Copy Notes | Barcode | Shelving Location | Status | Due Date |
|---|---|---|---|---|---|
| Jabok Library | RE-4.2 | 424480002903 | Odborná literatura | Available | - |
| The Jewish community of Prague | J 1355 | 4638304406 | J - Judaika | Available | - |
| LDR | 01347nam a2200421 a 4500 | ||
|---|---|---|---|
| 001 | 15916 | ||
| 003 | CZ-PrJAB | ||
| 005 | 20160229091655.0 | ||
| 007 | ta | ||
| 008 | 980408s1994 xr e 000 0 cze | ||
| 015 | . | ‡acnb000307503 | |
| 020 | . | ‡q(Brož.) | |
| 035 | . | ‡a(CZ PrNK)cpk19980307503 | |
| 035 | . | ‡a(OCoLC)883369828 | |
| 040 | . | ‡aABA001 ‡bcze | |
| 041 | 1 | . | ‡acze ‡hger |
| 072 | 7. | ‡a26 ‡xJudaismus ‡2Konspekt ‡95 | |
| 080 | . | ‡a26-832-1/-9 ‡2MRF | |
| 080 | . | ‡a26-832-051 ‡2MRF | |
| 080 | . | ‡a26-584.5 ‡2MRF | |
| 080 | . | ‡a26-587 ‡2MRF | |
| 080 | . | ‡a(049) ‡2MRF | |
| 100 | 1 | . | ‡aBuber, Martin, ‡d1878-1965 ‡7jn19990009521 ‡4aut |
| 245 | 1 | 0. | ‡aŽivot Chasidů / ‡cMartin Buber ; [přeložila a poznámku napsala Alena Bláhová] |
| 260 | . | ‡aPraha : ‡bArbor vitae, ‡c1994 | |
| 300 | . | ‡a42 s. ; ‡c20 cm | |
| 500 | . | ‡aPřeloženo z němčiny | |
| 500 | . | ‡aVychází ve spolupráci s firmou IMP Nové Město nad Metují | |
| 650 | 0 | 7. | ‡aučení chasidismu ‡7ph164203 ‡2czenas |
| 650 | 0 | 7. | ‡achasidi ‡7ph117306 ‡2czenas |
| 650 | 0 | 7. | ‡aduchovní cesta ‡7ph119626 ‡2czenas |
| 650 | 0 | 7. | ‡ažidovská mystika ‡7ph127994 ‡2czenas |
| 655 | 7. | ‡apojednání ‡7fd133056 ‡2czenas | |
| 700 | 1 | . | ‡aBláhová, Alena, ‡d1954- ‡7jn20000400201 ‡4aui ‡4trl |
| 765 | 0 | . | ‡tWerke. Schriften zum Chassidismus ‡9Česky |
| 765 | 1 | . | ‡tSchriften zum Chassidismus ‡9Česky |
| 910 | . | ‡aABG312 | |
| 910 | . | ‡aABE461 | |
| 995 | . | ‡aska | |
| 901 | . | ‡a15916 ‡bUnknown ‡c15916 ‡tbiblio | |